000 004810000a22001810004500
003 MACL
005 20150919172345.0
008 150919b xxu||||| |||| 00| 0 eng d
040 _aMACL
_cMACL
041 _aEnglish
082 _a826/BOS
100 _aBose ,Sisir Kumar
_912163
245 _aLetters To Emilie Schenkle 1934-1942
_bSubhash Chandra Bose
260 _aNew Delhi
_bOxford University Press
_c1994
350 _a250
650 _aLetters
_912164
942 _cBK
_k826
_2ddc
999 _c3369
_d3369